Chun qiu ji jie : 30 juan /
Saved in:
| Main Author: | |
|---|---|
| Format: | Book |
| Language: | Chinese |
| Published: |
[China] :
Yue dong shu ju,
Tongzhi 12 [1873]
|
| Series: | Tong zhi tang jing jie ;
255-264. |
| Tags: |
Add Tag
No Tags, Be the first to tag this record!
|
| LEADER | 00973cam a2200277ui 4500 | ||
|---|---|---|---|
| 001 | 007711029-3 | ||
| 005 | 20024617112705.0 | ||
| 008 | 980217s1873 cc 000 0 chi d | ||
| 035 | 0 | |a ocm38451764 | |
| 040 | |a *YNH* |c *YNH* |d CStRLIN | ||
| 100 | 1 | |6 880-01 |a Lü, Zuqian, |d 1137-1181. | |
| 245 | 1 | 0 | |6 880-02 |a Chun qiu ji jie : |b 30 juan / |c Lü Zuqian. |
| 260 | |6 880-03 |a [China] : |b Yue dong shu ju, |c Tongzhi 12 [1873] | ||
| 300 | |a 10 v. | ||
| 490 | 1 | |6 880-04 |a Tong zhi tang jing jie ; |v 255-264 | |
| 500 | |6 880-05 |a Chong kan ben. | ||
| 500 | |a Double leaves, oriental style, in case. | ||
| 880 | 1 | |6 100-01 |a 呂祖謙, |d 1137-1181. | |
| 880 | 1 | 0 | |6 245-02 |a 春秋集解 : |b 30卷 / |c 呂祖謙. |
| 880 | |6 260-03 |a [China] : |b 粤東書局, |c 同治12 [1873] | ||
| 880 | 1 | |6 490-04 |a 通志堂經解 ; |v 255-264 | |
| 880 | |6 500-05 |a 重刊本. | ||
| 830 | 0 | |6 880-54 |a Tong zhi tang jing jie ; |v 255-264. | |
| 880 | 0 | |6 830-54 |a 通志堂經解 ; |v 255-264. | |
| 988 | |a 20021121 | ||
| 906 | |0 MH | ||


